00320nam a2200109Ia 4500008004100000082000800041100002400049245002100073942000600094952009500100999001500195240331s9999 xx 000 0 und d bSAN aSanmugasuntharam, T 0aKalaiyum marapum cL 001040708LaWERCLbWERCLcSSCd2024-03-31l0o 700 SANp5126r2024-03-31w2024-03-31yL c3685d3685